Financial accounting, volume one / (Record no. 8012)
[ view plain ]
| 000 -LEADER | |
|---|---|
| fixed length control field | 00521nam a22001577a 4500 |
| 008 - FIXED-LENGTH DATA ELEMENTS--GENERAL INFORMATION | |
| fixed length control field | 171208b xxu||||| |||| 00| 0 eng d |
| 082 ## - DEWEY DECIMAL CLASSIFICATION NUMBER | |
| Edition number | 1991 |
| Classification number | DFil 657.48 |
| Item number | V23 |
| 100 ## - MAIN ENTRY--PERSONAL NAME | |
| 9 (RLIN) | 24687 |
| Personal name | Valix, Conrado T.,author. |
| 245 ## - TITLE STATEMENT | |
| Title | Financial accounting, volume one / |
| Statement of responsibility, etc. | by Conrado T. Valix, Jose F. Peralta. |
| 260 ## - PUBLICATION, DISTRIBUTION, ETC. (IMPRINT) | |
| Place of publication, distribution, etc. | Manila : |
| Name of publisher, distributor, etc. | GIC enterprise3s & CO., Inc., |
| Date of publication, distribution, etc. | ©1991 |
| 300 ## - PHYSICAL DESCRIPTION | |
| Extent | 547 pages ; |
| Dimensions | 22 cm. |
| 650 #0 - SUBJECT ADDED ENTRY--TOPICAL TERM | |
| 9 (RLIN) | 24688 |
| Topical term or geographic name as entry element | Accounting. |
| 700 ## - ADDED ENTRY--PERSONAL NAME | |
| 9 (RLIN) | 24689 |
| Personal name | Peralta, Jose F.,author. |
| 365 ## - TRADE PRICE | |
| Price amount | 124.00 |
| Currency code | Php |
| 942 ## - ADDED ENTRY ELEMENTS (KOHA) | |
| Source of classification or shelving scheme | Dewey Decimal Classification |
| Koha item type | Filipiniana |
| Withdrawn status | Lost status | Source of classification or shelving scheme | Damaged status | Not for loan | Collection code | Home library | Current library | Shelving location | Source of acquisition | Total Checkouts | Full call number | Barcode | Date last seen | Date last checked out | Price effective from | Koha item type |
|---|---|---|---|---|---|---|---|---|---|---|---|---|---|---|---|---|
| Dewey Decimal Classification | Filipiniana | UM Digos College - LIC | UM Digos College - LIC | Book Cart | Purchased | 1 | DFil 657.48 V23 1991 | 11618 | 05/15/2025 | 02/01/2019 | 12/08/2017 | Filipiniana |
